| 000 | 00778nam a22002297a 4500 | ||
|---|---|---|---|
| 999 |
_c21277 _d21277 |
||
| 003 | AR-CdUCM | ||
| 008 | 190503b ||||| |||| 00| 0 spa d | ||
| 040 |
_aMUNICIPALIDAD PROVINCIAL DEL CUSCO _cBIBLIOTECA MUNICIPAL DEL CUSCO |
||
| 082 |
_a633.8/T13F _bT13F |
||
| 100 |
_aTaipe Haqquehua, Eugenio _944449 |
||
| 245 | _aFlora fauna y gastronomía andina / | ||
| 260 |
_aCusco ; _bEl garabato, _c2018. |
||
| 300 |
_a115 Páginas. : _c20 cm. |
||
| 505 | _aContenido: Flora, fauna y gastronomía -- Flora -- Fauna -- Importancia de los colores -- El Capulí ... | ||
| 650 |
_aMedicina _93637 |
||
| 650 |
_aPlantas _919530 |
||
| 650 |
_aPlantas medicinales _914338 |
||
| 650 |
_aMedicina tradicional _914646 |
||
| 650 |
_aFlora _920658 |
||
| 942 |
_2ddc _cLIBROS |
||
| 945 | _aRoel | ||